Tratado de derecho civil argentino : derechos reales : dominio /

La obra completa se divide por materia y está distribuido como sigue: v. 1 t. 2 Parte general; v. 2 t. 1-3 Obligaciones en general; v.3 t. 1-4 Fuentes de las obligaciones; v. 4 t. 1-4 Derechos reales. Contenido del v. 4 t. 2: Del dominio en general; Modos de adquirir el dominio; Extinción del domini...

Ausführliche Beschreibung

Gespeichert in:
Bibliographische Detailangaben
1. Verfasser: Salvat, Raymundo M. (autor)
Weitere Verfasser: Argañarás, Manuel J. (actualización) (actualización)
Format: Buch
Sprache:Spanisch
Veröffentlicht: Buenos Aires, Argentina : Tipográfica Editora Argentina, 1962, c1962
Ausgabe:5a edición
Schlagworte:
Tags: Tag hinzufügen
Keine Tags, Fügen Sie das erste Tag hinzu!

MARC

LEADER 00000nam^a2200000^a^4500
001 000181008
005 20250521000000.0
009 20260310101919.065
037 |a Acervo ITESO - Biblioteca 
041 |a ESP 
082 |a 346. 82  |b SAL V. 4 T. 2 
100 |a Salvat, Raymundo M.  |e (autor) 
240 1 1 |a [Tratado de derecho civil argentino] 
245 1 0 |a Tratado de derecho civil argentino :  |b derechos reales : dominio /  |c R.M. Salvat ; actualización de M.J. Argañarás. 
250 |a 5a edición  |b aumentada 
264 4 |a Buenos Aires, Argentina :  |b Tipográfica Editora Argentina,  |c 1962, c1962 
300 |a XLIV, 557 p. 
336 |a texto  |b txt  |2 rdacontenido 
337 |a sin mediación  |b n  |2 rdamedio 
338 |a volumen  |b nc  |2 rdasoporte 
520 |a La obra completa se divide por materia y está distribuido como sigue: v. 1 t. 2 Parte general; v. 2 t. 1-3 Obligaciones en general; v.3 t. 1-4 Fuentes de las obligaciones; v. 4 t. 1-4 Derechos reales. Contenido del v. 4 t. 2: Del dominio en general; Modos de adquirir el dominio; Extinción del dominio; Restricciones y límites del dominio; Dominio imperfecto; Propiedad intelectual; Apendice: la propiedad horizontal. 
649 |a XX 
650 |a Propiedad Intelectual -  |z Argentina 
650 |a Condominios Horizontales -  |z Argentina 
650 |a Derechos Reales -  |z Argentina 
650 |a Derecho Civil -  |z Argentina 
650 |a Derecho Privado -  |z Argentina 
700 |a Argañarás, Manuel J.  |e (actualización) 
910 |a Fondo General 
920 |a Impresos - Libros 
930 |a Colección General 
905 |a 101 
901 |a 0500120583  |b IT1  |c ACC  |u 20250521 
902 |a https://opac.biblio.iteso.mx/vufind/Record/000181008